000
00316nam a22001457a 4500
008
230320b ||||| |||| 00| 0 eng d
020
_a
9780986379727
041
_a
eng
080
_a
004
082
_a
004DEL
100
_a
18
101
_a
SHKP
245
_a
HOW NOT TO BE HACKED
_c
DELUCCIA.J.J
942
_2
udc
_c
BK
999
_c
59391
_d
59391